00526 2200205 4500001002100000005001500021008004100036020002200077035001900099041000700118082000800125090002100133100001900154700002200173245004600195250000900241260002500250300002800275650001700303INLIS00000000000446320241224112921241224||||||||| | ||| |||| || |  a978-979-29-5257-5 0010-1224004463 aid0 a639 a639.374.84 RAH S0 aRahmat Rukmana0 aHerdi Yudirachman00aSukses Budi Daya Ikan Mas Secara Intensif aED 1 bLILY PUBLISHERc2016 aviii+184 HAL,; 15X23 CM 0aIlmu Terapan